| 000 | 00596nam a2200193Ia 4500 | ||
|---|---|---|---|
| 005 | 20250507130219.0 | ||
| 008 | 008 250505s9999 xx 000 0 eng d | ||
| 037 | _aSeries Article | ||
| 040 |
_aEASL _beng _cEASL |
||
| 041 |
_aeng _2eng |
||
| 084 | _qEASL | ||
| 100 |
_aYep Ray _9668896 |
||
| 245 | 0 | _a'Cultural revolution in Hong Kong':emergency powers,administration of justice and the turbulent year of 1967 | |
| 260 |
_aUK _bCambridge Cambridge University Press UK _c2012 |
||
| 300 | _a1007-1032 | ||
| 650 | _aAsian Studies | ||
| 942 | _cSRA | ||
| 999 |
_c1318368 _d1318368 |
||